Navoďte v predajni pocit pohody!
Vďaka pôsobeniu na ľudské zmysly je možné vytvoriť správnu nákupnú atmosféru a prinútiť zákazníka, aby sa v obchode cítil dobre, dlhšie v ňom zotrval a viac nakúpil.
Na minha lista:
| Autor principal: | |
|---|---|
| Formato: | Capítulo de Livro |
| Idioma: | eslovaco |
| Assuntos: | |
| Tags: |
Sem tags, seja o primeiro a adicionar uma tag!
|
MARC
| LEADER | 00000naa a2200000 4500 | ||
|---|---|---|---|
| 001 | 0148678 | ||
| 005 | 20231010141122.8 | ||
| 041 | 0 | |a slo | |
| 044 | |a SK | ||
| 245 | 1 | 0 | |a Navoďte v predajni pocit pohody! |c Pavel Neumann |
| 520 | |a Vďaka pôsobeniu na ľudské zmysly je možné vytvoriť správnu nákupnú atmosféru a prinútiť zákazníka, aby sa v obchode cítil dobre, dlhšie v ňom zotrval a viac nakúpil. | ||
| 610 | 2 | 0 | |a maloobchod |
| 610 | 2 | 0 | |a predajne |
| 610 | 2 | 0 | |a zákazníci |
| 100 | 1 | |a Neumann, Pavel | |